De la responsabilidad extracontractual
Guardat en:
| Autor principal: | |
|---|---|
| Format: | Llibre |
| Idioma: | espanyol |
| Publicat: |
Santiago
LexisNexis
2006
|
| Edició: | 1a. ed |
| Col·lecció: | Colección de Monografías
|
| Matèries: | |
| Etiquetes: |
Afegir etiqueta
Sense etiquetes, Sigues el primer a etiquetar aquest registre!
|
MARC
| LEADER | 00000nam a2200000 a 4500 | ||
|---|---|---|---|
| 001 | UCJ1350 | ||
| 003 | CL-VaPUC | ||
| 008 | 061013e20060000CL |||||||||||||||||spa|d | ||
| 020 | |a 9562386481 | ||
| 082 | 0 | 4 | |a 346.8302 |b RAM |2 21 |
| 100 | |a Ramos Pazos, René |e autor |9 297777 | ||
| 245 | 1 | 0 | |a De la responsabilidad extracontractual |
| 250 | |a 1a. ed | ||
| 300 | |a 151 p | ||
| 942 | |c BK | ||
| 945 | |d 20061013 00:00:00 |a jtorresc | ||
| 260 | |a Santiago |b LexisNexis |c 2006 | ||
| 500 | |a www.lexisnexis.cl | ||
| 650 | 0 | |a Responsabilidad contractual |9 256720 | |
| 650 | 0 | |a Derecho civil chileno |9 320612 | |
| 650 | 0 | |a Contratos |9 255153 | |
| 651 | 7 | |a CHILE |2 CL-VaPUC |9 501962 | |
| 583 | |a last modification |c 20061013 00:00:00 |k Rodrigo Vera | ||
| 490 | 0 | |a Colección de Monografías | |
| 999 | |c 317970 |d 317968 | ||
| 952 | |0 0 |1 0 |4 0 |6 346_830200000000000_RAM_2006 |7 0 |8 A |9 395105 |a BIBDER |b BIBDER |d 2019-11-22 |i 4287304 |l 1 |o 346.8302 RAM 2006 |p 4287304 |r 2025-01-07 |s 2025-01-07 |w 2019-11-22 |y BK |k DER | ||